Normal view
MARC view
- Israel-Arab War, 1967
Entry Topical Term
001 - CONTROL NUMBER
- control field: 46538
003 - CONTROL NUMBER IDENTIFIER
- control field: NUST
005 - DATE AND TIME OF LATEST TRANSACTION
- control field: 20210314133540.0
008 - FIXED-LENGTH DATA ELEMENTS
- fixed length control field: 210314|| aca||aabn | a|a d
040 ## - CATALOGING SOURCE
- Original cataloging agency: NUST
- Transcribing agency: NUST
150 ## - HEADING--TOPICAL TERM
- Topical term or geographic name entry element: Israel-Arab War, 1967
- General subdivision: Diplomatic history
670 ## - SOURCE DATA FOUND
- Source citation: Work cat.: (NUST): Kimche, David. 46537, The sandstorm:, 1968.
